Catálogo público

Mataderos industriales : tecnología y funcionamiento / (Record no. 172992)

MARC details
000 -CABECERA
campo de control de longitud fija 01132nam a2200337Ia 4500
001 - NÚMERO DE CONTROL
campo de control dia_2469
003 - IDENTIFICADOR DEL NÚMERO DE CONTROL
campo de control CHAP
005 - FECHA Y HORA DE LA ÚLTIMA TRANSACCIÓN
campo de control 20251023172138.0
008 - DATOS DE LONGITUD FIJA--INFORMACIÓN GENERAL
campo de control de longitud fija 220117s2001 xx 000 0 und d
010 ## - NÚMERO DE CONTROL DE LA BIBLIOTECA DEL CONGRESO
Número de control de LC 172992
020 ## - NÚMERO INTERNACIONAL ESTÁNDAR DEL LIBRO
Número Internacional Estándar del Libro 84-200-0946-6
040 ## - FUENTE DE LA CATALOGACIÓN
Centro/agencia transcriptor CHAP
082 ## - NÚMERO DE LA CLASIFICACIÓN DECIMAL DEWEY
Número de clasificación 664.9029 G73 2001
100 ## - ENTRADA PRINCIPAL--NOMBRE DE PERSONA
Nombre de persona Gracey, J. F.
9 (RLIN) 50164
245 ## - MENCIÓN DE TÍTULO
Título Mataderos industriales : tecnología y funcionamiento /
Mención de responsabilidad, etc. J. F. Gracey ; traducción Jaime Esain Escobar y Manuel Ramis Verges
260 ## - PUBLICACIÓN, DISTRIBUCIÓN, ETC.
Lugar de publicación, distribución, etc. España :
Nombre del editor, distribuidor, etc. Acribia,
Fecha de publicación, distribución, etc. 2001
300 ## - DESCRIPCIÓN FÍSICA
Extensión xvii, 235 p.
500 ## - NOTA GENERAL
Nota general Titulo original: Meat plant operations
503 ## - NOTA DE HISTORIA BIBLIOGRÁFICA (BK CF MU) [OBSOLETO]
Nota de historia bibliográfica I.218255 ej. 1) \ C/e (ej. 2-4)
590 ## - NOTA LOCAL (RLIN)
Nota local TS1960 G73 2001
650 ## - PUNTO DE ACCESO ADICIONAL DE MATERIA--TÉRMINO DE MATERIA
Término de materia o nombre geográfico como elemento de entrada Industria y comercio de la carne
9 (RLIN) 138318
650 ## - PUNTO DE ACCESO ADICIONAL DE MATERIA--TÉRMINO DE MATERIA
Término de materia o nombre geográfico como elemento de entrada Mataderos
9 (RLIN) 72885
650 ## - PUNTO DE ACCESO ADICIONAL DE MATERIA--TÉRMINO DE MATERIA
Término de materia o nombre geográfico como elemento de entrada Meat industry and trade
9 (RLIN) 151411
650 ## - PUNTO DE ACCESO ADICIONAL DE MATERIA--TÉRMINO DE MATERIA
Término de materia o nombre geográfico como elemento de entrada Slaughtering and slaughter
Subdivisión general houses
9 (RLIN) 152962
700 ## - PUNTO DE ACCESO ADICIONAL--NOMBRE DE PERSONA
Nombre de persona Esaín Escobar, Jaime, tr.
9 (RLIN) 138346
700 ## - PUNTO DE ACCESO ADICIONAL--NOMBRE DE PERSONA
Nombre de persona Ramis Verges, Manuel, tr.
9 (RLIN) 139949
901 ## - ELEMENTOS DE DATOS A LOCAL LDA (RLIN)
a 664.9029 G73 2001
902 ## - ELEMENTOS DE DATOS B LOCAL, LDB (RLIN)
a M
905 ## - ELEMENTOS DE DATOS E LOCAL, LDE (RLIN)
a 5232272001 sp Ain 8222223322spa16
942 ## - ELEMENTOS DE PUNTO DE ACCESO ADICIONAL (KOHA)
Tipo de ítem Koha Libro
Fuente del sistema de clasificación o colocación Dewey Decimal Classification
Holdings
Estado de retiro Estado de pérdida Fuente del sistema de clasificación o colocación Estado dañado No para préstamo Código de colección Localización permanente Ubicación/localización actual Ubicación en estantería Fecha de adquisición Información codificada de la localización en otra ubicación Total de préstamos Código de barras Fecha visto por última vez Número de copia Precio válido a partir de Tipo de ítem Koha Fecha del último préstamo
    Dewey Decimal Classification     General Ingenieria Agroindustrial Ingenieria Agroindustrial   18/01/2022 1   dia_007095 18/01/2022 4 18/01/2022 Libro  
    Dewey Decimal Classification     General Ingenieria Agroindustrial Ingenieria Agroindustrial   18/01/2022 1 1 dia_005472 28/02/2024 1 18/01/2022 Libro 28/02/2024
    Dewey Decimal Classification     General Ingenieria Agroindustrial Ingenieria Agroindustrial   18/01/2022 1 1 dia_007093 16/12/2022 2 18/01/2022 Libro 08/12/2022
    Dewey Decimal Classification     General Ingenieria Agroindustrial Ingenieria Agroindustrial   18/01/2022 1   dia_007094 18/01/2022 3 18/01/2022 Libro